000 01361cam a22003737a 4500
003 CHAP
005 20220817041153.0
008 971013s1992 cr a r 00010 spa d
010 _a7881
011 _a8853
035 _a8085
040 _cCHAP
082 0 0 _a581.151
_bP5
100 0 0 _aPlucknett, Donald L.
_989309
245 1 4 _aLos bancos genéticos y la alimentación mundial
260 _aSan José, C. R. :
_bIICA,
_c1992
300 _a257 p.
_b: ilus.
490 0 _aColección Investigación y desarrollo
_v; 21
590 _aBATCH-UPD
_b10
_c20130110
_lUCH01
_h1756
590 _aBATCH-UPD
_b10
_c20130410
_lUCH01
_h1133
590 _aBATCH-UPD
_b10
_c20130914
_lUCH01
_h1019
590 _aCONVERSION
_b10
_c20130109
_lUCH01
_h1305
650 1 4 _aGermoplasma.
_947766
650 1 4 _aNutrición.
_982246
650 1 4 _aRecursos genéticos.
_995078
710 0 _aCentro Internacional de Agricultura Tropical.
_921185
710 0 _aInstituto Interamericano de Cooperación para la Agricultura.
830 0 _aColección Investigación y desarrollo
_v; 21
_924886
901 _aBK
942 _cLIBRO
949 _a581.151 P5
_bBC
_cLIBRO
_d33724000544904
_eLIBRO
_h83355
_i8085
_mD
_si
949 _a581.151 P5
_bBC
_cLIBRO
_d33724000605325
_eLIBRO
_fc.2
_h90307
_i8085
_si
949 _a581.151 P5
_bBC
_cLIBRO
_d33724000687430
_eLIBRO
_fc.3
_gI. 188330
_h92419
_i8085
_si
_t120.00
999 _c7881
_d7881